000 00979cab a2200241 4500
001 ABS54330
008 090401t1995 xxu||||| |||| 00| 0 eng d
035 _a(Sirsi) u9848
041 _aeng
100 _aLiow, K.H.
245 _aAcquisition and disposal of corporate real estate: some UK evidence
260 _c1995
350 _a0
490 _aJournal of Property Finance
_v6(4) 1995, 19-32(14)
520 _aReviews the factors predisposing retail companies to acquire/dispose of properties including a discussion of retailers` real-estate acquisition and disposal activities, previous research on the financial effects, a description of research methods and sampling procedures used and a presentation of test results and analyses.
650 _aCORPORATE PROPERTY STRATEGY
650 _aPROPERTY ASSETS
650 _aPROPERTY HOLDINGS
650 _aRETAIL COMPANIES
690 _aPROPERTY-PROPERTY FINANCE AND INVESTMENT
942 _n0
948 _c04/03/1997
999 _c6196
_d6196